[Event "Forcing Moves First Spring-3 Section 2"]
[Site "Mississauga CAN"]
[Date "2023.06.24"]
[Round "3.12"]
[White "Sreekumar Maliekal, Balakrishnan"]
[Black "Guan, Isabelle"]
[Result "0-1"]
[WhiteElo "1286"]
[BlackElo "1316"]
[PlyCount "100"]
[EventDate "2023.06.24"]
[EventType "swiss"]
[EventRounds "5"]
[EventCountry "CAN"]

1. d4 Nf6 2. c4 e6 3. Nf3 b6 4. g3 Bb7 5. Bg2 g6 6. O-O Bg7 7. Qc2 d6 8. Nc3
Nbd7 9. Rd1 Qe7 10. e4 e5 11. dxe5 Nxe5 12. Bg5 h6 13. Bxf6 Qxf6 14. Nxe5 Qxe5
15. Nd5 O-O-O 16. Rab1 Kb8 17. b4 h5 18. b5 h4 19. g4 Qg5 20. Qe2 f5 21. h3
Rde8 22. f4 Qd8 23. Qd3 fxg4 24. hxg4 Bc8 25. Nb4 Bb7 26. Qa3 Qd7 27. Bf3 Qf7
28. Nc6+ Bxc6 29. bxc6 Qxf4 30. Rd3 Qg3+ 31. Kf1 Qh3+ 32. Bg2 Qxg4 33. Rf3 Qxe4
34. Rxb6+ axb6 35. Qc1 Qe2+ 36. Kg1 Qe1+ 37. Qxe1 Rxe1+ 38. Rf1 Rxf1+ 39. Kxf1
h3 40. Bh1 h2 41. Kg2 Be5 42. Kf3 Rf8+ 43. Ke4 Rf1 44. Bg2 h1=Q 45. Bxh1 Rxh1
46. Kd5 g5 47. a4 g4 48. a5 bxa5 49. c5 g3 50. cxd6 cxd6 0-1

[Event "Forcing Moves First Spring-3 Section 2"]
[Site "Mississauga CAN"]
[Date "2023.06.24"]
[Round "3.13"]
[White "Narula, Japveer"]
[Black "Shah, Mustafa"]
[Result "0-1"]
[WhiteElo "1267"]
[BlackElo "1421"]
[PlyCount "86"]
[EventDate "2023.06.24"]
[EventType "swiss"]
[EventRounds "5"]
[EventCountry "CAN"]

1. e4 c6 2. d4 d5 3. Nc3 dxe4 4. Nxe4 Bf5 5. Ng3 Bg6 6. N1e2 h6 7. Nf4 Bh7 8.
c3 Nf6 9. Bd3 Bxd3 10. Nxd3 e6 11. Bf4 Bd6 12. Bxd6 Qxd6 13. Qe2 O-O 14. O-O
Nbd7 15. Ne4 Nxe4 16. Qxe4 Nf6 17. Qe5 Qxe5 18. Nxe5 Rfd8 19. Rad1 Nd7 20. Nxd7
Rxd7 21. Rd2 Rad8 22. Rfd1 c5 23. Kf1 cxd4 24. Rxd4 Rxd4 25. Rxd4 Rxd4 26. cxd4
Kf8 27. Ke2 Ke7 28. Kd3 Kd6 29. Kc4 a6 30. b4 b5+ 31. Kd3 Kd5 32. g3 g6 33. f3
f6 34. f4 g5 35. a3 gxf4 36. gxf4 h5 37. h3 h4 38. Ke3 Kc4 39. Ke4 Kc3 40. Ke3
f5 41. Ke2 Kxd4 42. Kf3 Kd3 43. Kf2 Ke4 0-1

[Event "Forcing Moves First Spring-3 Section 2"]
[Site "Mississauga CAN"]
[Date "2023.06.24"]
[Round "3.14"]
[White "Hong, Zihan"]
[Black "Huang, David"]
[Result "1-0"]
[WhiteElo "1342"]
[BlackElo "1120"]
[PlyCount "103"]
[EventDate "2023.06.24"]
[EventType "swiss"]
[EventRounds "5"]
[EventCountry "CAN"]

1. d4 Nf6 2. c4 g6 3. Nc3 d5 4. Bf4 Bg7 5. e3 O-O 6. Nf3 c5 7. dxc5 dxc4 8.
Qxd8 Rxd8 9. Bxc4 Nbd7 10. Rd1 Nh5 11. Bg5 Re8 12. Nd5 Nxc5 13. Nc7 h6 14. Nxe8
hxg5 15. Nxg5 Bf8 16. Bxf7+ Kh8 17. Bxg6 Nf6 18. Nf7+ Kg8 19. Nxf6+ exf6 20. f4
Bg4 21. Rd4 Be6 22. Nd8 Bxa2 23. f5 Bh6 24. Kf2 Rc8 25. Rhd1 Nb3 26. Bf7+ Kf8
27. Bxb3 Bxb3 28. Ne6+ Ke7 29. Rd7+ Ke8 30. Rd8+ Rxd8 31. Rxd8+ Ke7 32. Rh8
Bxe6 33. fxe6 Bg5 34. h4 Bxh4+ 35. Rxh4 Kxe6 36. Kf3 Ke5 37. Rh7 a5 38. Rxb7 a4
39. Rb4 f5 40. Rxa4 f4 41. exf4+ Kf5 42. b4 Ke6 43. b5 Kd6 44. Rc4 Kd5 45. Rc1
Kd6 46. b6 Kd7 47. b7 Ke6 48. b8=Q Kf6 49. Rc5 Ke7 50. Qb6 Ke8 51. Rc7 Kd8 52.
Qb8# 1-0

[Event "Forcing Moves First Spring-3 Section 2"]
[Site "Mississauga CAN"]
[Date "2023.06.24"]
[Round "3.15"]
[White "Dave, Jashank"]
[Black "Cheng, Adam"]
[Result "0-1"]
[WhiteElo "1307"]
[BlackElo "1241"]
[PlyCount "70"]
[EventDate "2023.06.24"]
[EventType "swiss"]
[EventRounds "5"]
[EventCountry "CAN"]

1. e4 c5 2. Nc3 Nc6 3. g3 g6 4. Bg2 Bg7 5. d3 d6 6. Be3 Rb8 7. Nf3 b5 8. d4 b4
9. Ne2 Ba6 10. O-O Bxe2 11. Qxe2 cxd4 12. Nxd4 Nxd4 13. Bxd4 Bxd4 14. Rab1 Bg7
15. f4 e6 16. Rf3 Ne7 17. f5 exf5 18. exf5 Bd4+ 19. Kh1 O-O 20. f6 Nf5 21. Rbf1
Bxf6 22. Qc4 Bg7 23. g4 d5 24. Qd3 Nh4 25. Rxf7 Nxg2 26. Rxf8+ Bxf8 27. Kxg2
Qd7 28. Qf3 Bg7 29. b3 Rf8 30. Qg3 Rxf1 31. Kxf1 Qb5+ 32. Kg2 Qe2+ 33. Kh3 Be5
34. Qg2 Qe3+ 35. Kh4 Qh6# 0-1

[Event "Forcing Moves First Spring-3 Section 2"]
[Site "Mississauga CAN"]
[Date "2023.06.24"]
[Round "3.16"]
[White "Guan, Marie"]
[Black "Wang, William Kaiyuan"]
[Result "0-1"]
[WhiteElo "1261"]
[BlackElo "1446"]
[PlyCount "68"]
[EventDate "2023.06.24"]
[EventType "swiss"]
[EventRounds "5"]
[EventCountry "CAN"]

1. e4 e5 2. Nf3 Nc6 3. d4 exd4 4. Nxd4 Bc5 5. Nb3 Bb6 6. Nc3 Nf6 7. Qe2 d6 8.
Be3 h6 9. O-O-O Be6 10. f4 Bg4 11. Qd3 Bxd1 12. Nxd1 Qe7 13. Nc3 O-O-O 14. g3
Bxe3+ 15. Qxe3 Rhe8 16. Nd2 a6 17. Kb1 d5 18. Bh3+ Kb8 19. e5 d4 20. Qf3 dxc3
21. exf6 Qxf6 22. Ne4 Qe7 23. Bg2 f5 24. Qxc3 fxe4 25. a3 Nd4 26. Re1 e3 27.
Rd1 e2 28. Re1 Nb5 29. Qf3 c6 30. Ka2 Qe6+ 31. b3 Rd1 32. Rxd1 exd1=Q 33. Qxd1
Nc3+ 34. Ka1 Nxd1 0-1

[Event "Forcing Moves First Spring-3 Section 2"]
[Site "Mississauga CAN"]
[Date "2023.06.24"]
[Round "3.17"]
[White "Huang, Eric"]
[Black "Kang, Richard"]
[Result "0-1"]
[WhiteElo "1420"]
[BlackElo "1357"]
[PlyCount "60"]
[EventDate "2023.06.24"]
[EventType "swiss"]
[EventRounds "5"]
[EventCountry "CAN"]

1. d4 d5 2. c4 e6 3. Nf3 Nf6 4. Nc3 Be7 5. Bg5 Nbd7 6. e3 O-O 7. Bd3 h6 8. Bh4
dxc4 9. Bxc4 b6 10. O-O Bb7 11. Qe2 a6 12. Rac1 c5 13. dxc5 Nxc5 14. Rfd1 Qc7
15. Bb3 Rfd8 16. Bc2 Nd5 17. Nxd5 Bxd5 18. Rxd5 exd5 19. b4 Bxh4 20. Nxh4 Ne4
21. f3 Nc3 22. Qd3 Qe5 23. Qh7+ Kf8 24. Nf5 Ke8 25. Qg8+ Kd7 26. Qxf7+ Kc8 27.
Ne7+ Kb7 28. Nxd5+ Kb8 29. Qc7+ Qxc7 30. Nxc7 Ne2+ 0-1

[Event "Forcing Moves First Spring-3 Section 2"]
[Site "Mississauga CAN"]
[Date "2023.06.24"]
[Round "3.18"]
[White "Sreekumar, Gayathri"]
[Black "Su, Wentan"]
[Result "0-1"]
[WhiteElo "1204"]
[BlackElo "1413"]
[PlyCount "96"]
[EventDate "2023.06.24"]
[EventType "swiss"]
[EventRounds "5"]
[EventCountry "CAN"]

1. d4 d5 2. c4 c6 3. Nf3 Nf6 4. g3 dxc4 5. Ne5 b5 6. Bg2 Bb7 7. O-O Qb6 8. a4
a6 9. b3 c3 10. Nxc3 b4 11. Ne4 a5 12. Bf4 Nxe4 13. Bxe4 g6 14. Rc1 Bg7 15. Qc2
O-O 16. Rfd1 Rd8 17. Qc4 e6 18. Rd3 Ba6 19. Qc5 Qxc5 20. Rxc5 Bxd3 21. exd3
Rxd4 22. Nxc6 Nxc6 23. Rxc6 f5 24. Be3 Rdd8 25. Bf3 Rxd3 26. Rxe6 Rc8 27. Ra6
Bd4 28. Rd6 Rxe3 29. fxe3 Bxe3+ 30. Kf1 Kg7 31. Ra6 Rc2 32. Ke1 Rxh2 33. Rxa5
Bf2+ 34. Kd1 Bxg3 35. Ra7+ Kh6 36. a5 Ra2 37. a6 Bf2 38. Ra8 g5 39. Bb7 g4 40.
Rd8 Kg5 41. Rd7 h5 42. Bc8 g3 43. Bb7 h4 44. Kc1 Kg4 45. Kb1 Ra3 46. Rd1 Rxb3+
47. Ka2 Ra3+ 48. Kb2 h3 0-1

[Event "Forcing Moves First Spring-3 Section 2"]
[Site "Mississauga CAN"]
[Date "2023.06.24"]
[Round "3.19"]
[White "Chunchu, Ashwin"]
[Black "Barbisan, Owen"]
[Result "1/2-1/2"]
[WhiteElo "1437"]
[BlackElo "1144"]
[PlyCount "102"]
[EventDate "2023.06.24"]
[EventType "swiss"]
[EventRounds "5"]
[EventCountry "CAN"]

1. e4 c6 2. d4 d5 3. e5 c5 4. dxc5 Nc6 5. Bb5 a6 6. Bxc6+ bxc6 7. Be3 Nh6 8. c3
Rb8 9. b4 Qc7 10. Ne2 e6 11. O-O Nf5 12. Bd4 a5 13. a3 Ba6 14. Re1 g6 15. Nd2
Bxe2 16. Qxe2 Nxd4 17. cxd4 axb4 18. axb4 Rxb4 19. Ra8+ Rb8 20. Qa6 Rxa8 21.
Qxa8+ Kd7 22. Nf3 Bg7 23. Qa3 Bh6 24. Nh4 Qb7 25. Qf3 Rf8 26. g3 Qb2 27. Qd3
Rb8 28. Re2 Qb1+ 29. Qxb1 Rxb1+ 30. Kg2 g5 31. Nf3 g4 32. Ne1 Rd1 33. Nc2 Bg7
34. f4 f6 35. Ne3 Rxd4 36. Ra2 Ke7 37. Ra7+ Kf8 38. exf6 Bxf6 39. Nxg4 Bg7 40.
Rc7 h5 41. Ne3 Re4 42. Kf3 Bd4 43. Nc2 Bxc5 44. Rxc6 Rc4 45. Ne3 Rc3 46. Rxe6
d4 47. h3 Rxe3+ 48. Rxe3 dxe3 49. g4 hxg4+ 50. hxg4 Kg7 51. g5 Kg6 1/2-1/2

[Event "Forcing Moves First Spring-3 Section 2"]
[Site "Mississauga CAN"]
[Date "2023.06.24"]
[Round "3.20"]
[White "Kola, Venkat Karthikeya R"]
[Black "Routray, Anshuman"]
[Result "1-0"]
[WhiteElo "1408"]
[BlackElo "1181"]
[PlyCount "33"]
[EventDate "2023.06.24"]
[EventType "swiss"]
[EventRounds "5"]
[EventCountry "CAN"]

1. e4 e5 2. Nf3 Nc6 3. Bc4 Bc5 4. c3 d6 5. d4 exd4 6. cxd4 Bb4+ 7. Kf1 Bg4 8.
d5 Ne5 9. Qa4+ Qd7 10. Bb5 c6 11. Nxe5 dxe5 12. dxc6 Be2+ 13. Kxe2 Qg4+ 14. Kf1
Qxe4 15. Nc3 Qd4 16. Be3 Qd8 17. c7+ 1-0

[Event "Forcing Moves First Spring-3 Section 2"]
[Site "Mississauga CAN"]
[Date "2023.06.25"]
[Round "4.12"]
[White "Guan, Isabelle"]
[Black "Hong, Zihan"]
[Result "0-1"]
[WhiteElo "1316"]
[BlackElo "1342"]
[PlyCount "56"]
[EventDate "2023.06.24"]
[EventType "swiss"]
[EventRounds "5"]
[EventCountry "CAN"]

1. e4 d5 2. exd5 Qxd5 3. Nc3 Qa5 4. d4 Nf6 5. Bd2 c6 6. Bc4 Bf5 7. Nf3 Qc7 8.
Ne5 e6 9. Bf4 Bd6 10. Qd2 Nbd7 11. Nd3 Bxf4 12. Nxf4 O-O 13. O-O-O b5 14. Bd3
Bxd3 15. Nxd3 a5 16. h4 b4 17. Ne2 Rfd8 18. Rh3 c5 19. Qg5 c4 20. Ne5 Nxe5 21.
dxe5 Rxd1+ 22. Kxd1 Ne4 23. Qf4 Rd8+ 24. Kc1 Qd7 25. Rh1 Qd5 26. f3 Nf2 27. Rf1
Qd1+ 28. Rxd1 Rxd1# 0-1

[Event "Forcing Moves First Spring-3 Section 2"]
[Site "Mississauga CAN"]
[Date "2023.06.25"]
[Round "4.13"]
[White "Shah, Mustafa"]
[Black "Cheng, Adam"]
[Result "0-1"]
[WhiteElo "1421"]
[BlackElo "1241"]
[PlyCount "144"]
[EventDate "2023.06.24"]
[EventType "swiss"]
[EventRounds "5"]
[EventCountry "CAN"]

1. d4 Nf6 2. Nf3 g6 3. Bf4 Bg7 4. h3 d6 5. e3 O-O 6. Be2 Nbd7 7. c3 c5 8. Nbd2
a6 9. a4 b6 10. O-O Bb7 11. Bh2 Ne4 12. Nxe4 Bxe4 13. Nd2 Bc6 14. Bf3 Qc7 15.
Bxc6 Qxc6 16. Qf3 Qxf3 17. Nxf3 b5 18. axb5 axb5 19. dxc5 Nxc5 20. Nd4 Bxd4 21.
cxd4 Nb3 22. Rad1 Ra2 23. Bg3 Rc8 24. e4 Rc2 25. Rfe1 Raxb2 26. e5 d5 27. e6 f6
28. Re3 b4 29. Bd6 Kf8 30. Bxb4 Rxf2 31. Rxb3 Rxg2+ 32. Kh1 Rxb3 33. Kxg2 Rxb4
34. Kg3 Kg7 35. Kf4 Rb6 36. Re1 Rb3 37. Ra1 Rb6 38. Rf1 Rb2 39. Ra1 Re2 40. Ra6
Re4+ 41. Kf3 f5 42. Ra8 Rxe6 43. Rd8 Rd6 44. Re8 Kf6 45. h4 Kf7 46. Ra8 Rc6 47.
Kf4 Re6 48. Rh8 Kg7 49. Re8 Re4+ 50. Kg3 Rxd4 51. Rxe7+ Kh6 52. Re6 Kh5 53. Re7
Rg4+ 54. Kh3 Rxh4+ 55. Kg3 Kg5 56. Rd7 d4 57. Rd5 Re4 58. Rd7 h5 59. Kf3 Kh4
60. Rg7 g5 61. Rf7 Re3+ 62. Kf2 f4 63. Rd7 d3 64. Rd5 Kg4 65. Kg2 h4 66. Kh1
Rg3 67. Kh2 Re3 68. Kh1 Kf3 69. Kh2 g4 70. Kh1 g3 71. Rxd3 Rxd3 72. Kg1 Rd1#
0-1

[Event "Forcing Moves First Spring-3 Section 2"]
[Site "Mississauga CAN"]
[Date "2023.06.25"]
[Round "4.14"]
[White "Wang, William Kaiyuan"]
[Black "Narula, Japveer"]
[Result "1-0"]
[WhiteElo "1446"]
[BlackElo "1267"]
[PlyCount "73"]
[EventDate "2023.06.24"]
[EventType "swiss"]
[EventRounds "5"]
[EventCountry "CAN"]

1. e4 e5 2. Bc4 Nf6 3. d3 Bc5 4. Nc3 Nc6 5. Nge2 h6 6. Be3 Bb6 7. O-O d6 8.
Bxb6 axb6 9. f4 O-O 10. fxe5 dxe5 11. Nd5 Nxd5 12. Bxd5 Bg4 13. Qd2 Qe7 14. Ng3
Nd4 15. c3 c6 16. Bc4 b5 17. Bb3 Nxb3 18. axb3 Rfd8 19. h3 Be6 20. Rae1 Bxb3
21. Nf5 Qf8 22. Qe2 Rd7 23. Qg4 Be6 24. Qg3 Bxf5 25. Rxf5 f6 26. Ref1 Rd6 27.
Qg6 Qf7 28. Qg4 Ra2 29. Rxe5 Qd7 30. Ref5 Rxd3 31. e5 Qc7 32. exf6 Rxb2 33. f7+
Kf8 34. Qxg7+ Kxg7 35. f8=Q+ Kg6 36. Rf6+ Kh5 37. Qxh6# 1-0

[Event "Forcing Moves First Spring-3 Section 2"]
[Site "Mississauga CAN"]
[Date "2023.06.25"]
[Round "4.15"]
[White "Kang, Richard"]
[Black "Sreekumar Maliekal, Balakrishnan"]
[Result "1/2-1/2"]
[WhiteElo "1357"]
[BlackElo "1286"]
[PlyCount "71"]
[EventDate "2023.06.24"]
[EventType "swiss"]
[EventRounds "5"]
[EventCountry "CAN"]

1. d4 Nf6 2. c4 g6 3. Nc3 Bg7 4. e4 d6 5. Nf3 O-O 6. Be2 c5 7. d5 Na6 8. O-O
Bd7 9. Be3 Ng4 10. Bd2 f5 11. exf5 Bxf5 12. Nh4 Nh6 13. Qc1 Nf7 14. Nxf5 gxf5
15. Rb1 Nc7 16. b4 b6 17. bxc5 dxc5 18. Rb3 e6 19. dxe6 Nxe6 20. Nb5 a6 21. Rd3
Qe7 22. Nc3 Nd4 23. Re1 Rae8 24. Bf1 Qb7 25. Rde3 Rxe3 26. Rxe3 Ne5 27. Nd5 Kh8
28. Rg3 Rf7 29. Bh6 b5 30. Qf4 Nxc4 31. Bxg7+ Rxg7 32. Rxg7 Qxg7 33. Bxc4 bxc4
34. Qb8+ Qg8 35. Qe5+ Qg7 36. Qb8+ 1/2-1/2

[Event "Forcing Moves First Spring-3 Section 2"]
[Site "Mississauga CAN"]
[Date "2023.06.25"]
[Round "4.16"]
[White "Su, Wentan"]
[Black "Barbisan, Owen"]
[Result "0-1"]
[WhiteElo "1413"]
[BlackElo "1144"]
[PlyCount "64"]
[EventDate "2023.06.24"]
[EventType "swiss"]
[EventRounds "5"]
[EventCountry "CAN"]

1. d4 d5 2. c4 e6 3. Nc3 c5 4. e3 Nf6 5. Nf3 Nc6 6. Bd3 a6 7. a4 cxd4 8. exd4
Bb4 9. O-O O-O 10. Bg5 Bxc3 11. bxc3 h6 12. Bh4 Re8 13. cxd5 exd5 14. h3 g5 15.
Bg3 g4 16. hxg4 Bxg4 17. Bh4 Qd6 18. Bxf6 Qxf6 19. Be2 Re7 20. Re1 Rae8 21. Kf1
Bxf3 22. gxf3 Qh4 23. Kg2 Re6 24. Bd3 Rxe1 25. Qxe1 Rxe1 26. Rxe1 Qg5+ 27. Kf1
Qd2 28. Re8+ Kg7 29. Bf5 Qxc3 30. Bc8 Qxd4 31. Bxb7 Qxa4 32. Re2 Nd4 0-1

[Event "Forcing Moves First Spring-3 Section 2"]
[Site "Mississauga CAN"]
[Date "2023.06.25"]
[Round "4.17"]
[White "Guan, Marie"]
[Black "Huang, Eric"]
[Result "1/2-1/2"]
[WhiteElo "1261"]
[BlackElo "1420"]
[PlyCount "165"]
[EventDate "2023.06.24"]
[EventType "swiss"]
[EventRounds "5"]
[EventCountry "CAN"]

1. e4 e6 2. d4 d5 3. e5 c5 4. c3 Nc6 5. Nf3 Qb6 6. a3 c4 7. Nbd2 Bd7 8. b3 cxb3
9. Nxb3 Rc8 10. Bd3 Na5 11. Nxa5 Qxa5 12. Bd2 Qc7 13. O-O Be7 14. Qb3 a6 15. a4
f6 16. Rab1 Bc6 17. Rfc1 fxe5 18. Nxe5 Bd6 19. f4 Nf6 20. Nxc6 bxc6 21. Qb7
Qxb7 22. Rxb7 c5 23. Bxa6 Ne4 24. Be3 O-O 25. g3 c4 26. Rbb1 Rb8 27. Bb5 Rf7
28. Bc6 Rxb1 29. Rxb1 Nxc3 30. Ra1 Kf8 31. Kf1 Rc7 32. Bb5 Rb7 33. Bc6 Rb6 34.
Bd7 Ke7 35. Bc8 Rb8 36. Ba6 Ra8 37. Bb7 Rxa4 38. Rxa4 Nxa4 39. Bc6 Nc3 40. Ke1
Bc7 41. Bd2 Ne4 42. Bb4+ Kf6 43. Ke2 Bb6 44. Ke3 Kf5 45. Bd7 Nf6 46. Bc8 Ng4+
47. Kd2 Bxd4 48. h3 Nf2 49. h4 Ne4+ 50. Kc2 Nxg3 51. Be1 Ne2 52. Bd2 Nxf4 53.
Bxf4 Kxf4 54. Bxe6 Ke4 55. h5 Bf6 56. Bg8 h6 57. Bh7+ Kd4 58. Bg6 c3 59. Bf7
Ke5 60. Kxc3 Kf4+ 61. Kd2 Bg5 62. Bg6 d4 63. Kd3 Ke5 64. Be4 Be3 65. Bg6 Kf4
66. Bf7 Ke5 67. Bg6 Kf6 68. Be8 g5 69. hxg6 Kg7 70. Bb5 Kxg6 71. Ke2 h5 72. Kf3
Kg5 73. Kg3 Bf4+ 74. Kh3 h4 75. Bd3 Bg3 76. Bc4 Kf4 77. Kg2 Ke3 78. Bf1 Bf2 79.
Bc4 Kf4 80. Kxf2 d3 81. Bxd3 h3 82. Kg1 h2+ 83. Kxh2 1/2-1/2

[Event "Forcing Moves First Spring-3 Section 2"]
[Site "Mississauga CAN"]
[Date "2023.06.25"]
[Round "4.18"]
[White "Kola, Venkat Karthikeya R"]
[Black "Jia, Jasper Yunjie"]
[Result "1-0"]
[WhiteElo "1408"]
[BlackElo "1144"]
[PlyCount "131"]
[EventDate "2023.06.24"]
[EventType "swiss"]
[EventRounds "5"]
[EventCountry "CAN"]

1. e4 c5 2. Nf3 d6 3. d4 cxd4 4. Nxd4 Nf6 5. Nc3 Bd7 6. f3 Nc6 7. Be3 e6 8. Qd2
Be7 9. Bc4 O-O 10. O-O Qc7 11. Rad1 Rfd8 12. Ndb5 Qb8 13. Qf2 a6 14. Nd4 h6 15.
Rd2 Qc7 16. Rfd1 Rac8 17. Bb3 Na5 18. Nde2 Nxb3 19. axb3 Re8 20. Bf4 e5 21. Be3
Be6 22. h3 b5 23. Nd5 Bxd5 24. exd5 Qb7 25. Nc3 Bd8 26. Ne4 Nxe4 27. fxe4 Ba5
28. c3 b4 29. c4 Rb8 30. Ra1 Bb6 31. Bxb6 Qxb6 32. Qxb6 Rxb6 33. Ra5 Rc8 34.
Rd1 f6 35. Rda1 Ra8 36. c5 dxc5 37. Rxc5 Ra7 38. g4 Kf7 39. Rac1 Rbb7 40. Kf2
Ke7 41. Ke3 Rd7 42. Kd3 a5 43. Ra1 Kd6 44. Raxa5 Rdc7 45. Rc6+ Kd7 46. Rxc7+
Rxc7 47. Kd2 Rb7 48. Ra6 Ke7 49. Kc2 Rc7+ 50. Kd3 Rb7 51. Kc4 Rc7+ 52. Kxb4 Kd7
53. Rc6 Rxc6 54. dxc6+ Kxc6 55. Kc4 g6 56. b4 h5 57. gxh5 gxh5 58. h4 Kb6 59.
b5 Kc7 60. Kc5 Kb7 61. b6 Kb8 62. Kc6 f5 63. exf5 e4 64. f6 e3 65. f7 e2 66.
f8=R# 1-0

[Event "Forcing Moves First Spring-3 Section 2"]
[Site "Mississauga CAN"]
[Date "2023.06.25"]
[Round "4.19"]
[White "Sreekumar, Gayathri"]
[Black "Dave, Jashank"]
[Result "0-1"]
[WhiteElo "1204"]
[BlackElo "1307"]
[PlyCount "136"]
[EventDate "2023.06.24"]
[EventType "swiss"]
[EventRounds "5"]
[EventCountry "CAN"]

1. d4 d5 2. c4 c6 3. Nc3 Nf6 4. Nf3 e6 5. g3 g6 6. Bg2 Bg7 7. O-O O-O 8. Qc2
Nbd7 9. Bf4 dxc4 10. Rad1 Nd5 11. Nxd5 cxd5 12. Ne5 g5 13. Nxd7 Qxd7 14. Bxg5
b5 15. e4 Bb7 16. e5 f5 17. exf6 Bxf6 18. Bxf6 Rxf6 19. Rfe1 Raf8 20. Bh3 Bc8
21. Re2 Qf7 22. Rde1 Bd7 23. Qd2 Kh8 24. Qg5 Rxf2 25. Qe5+ Rf6 26. Rf2 Kg8 27.
Rxf6 Qxf6 28. Bxe6+ Bxe6 29. Qxe6+ Kg7 30. Qxf6+ Kxf6 31. Rf1+ Kg7 32. Rxf8
Kxf8 33. Kf2 b4 34. Ke2 Ke7 35. Kd2 Kf6 36. Ke3 Kg5 37. Kf3 h5 38. h3 a6 39. g4
hxg4+ 40. hxg4 c3 41. bxc3 bxc3 42. Ke3 a5 43. Kd3 Kxg4 44. Kxc3 Kf3 45. Kd3 a4
46. Kc3 Ke3 47. Kc2 Kxd4 48. Kd2 Kc4 49. Kc2 d4 50. a3 d3+ 51. Kd2 Kd4 52. Kd1
Kc3 53. Kc1 Kb3 54. Kd2 Kxa3 55. Kxd3 Kb2 56. Kd2 a3 57. Kd1 a2 58. Kd2 a1=Q
59. Kd3 Qc1 60. Ke4 Qd2 61. Kf5 Qe3 62. Kf6 Kc3 63. Kg7 Qf4 64. Kh8 Qg5 65. Kh7
Kd4 66. Kh8 Ke5 67. Kh7 Kf6 68. Kh8 Qg7# 0-1

[Event "Forcing Moves First Spring-3 Section 2"]
[Site "Mississauga CAN"]
[Date "2023.06.25"]
[Round "4.20"]
[White "Grynszpan, Alexander"]
[Black "Chunchu, Ashwin"]
[Result "1/2-1/2"]
[WhiteElo "1222"]
[BlackElo "1437"]
[PlyCount "50"]
[EventDate "2023.06.24"]
[EventType "swiss"]
[EventRounds "5"]
[EventCountry "CAN"]

1. d4 g6 2. c4 Bg7 3. Nc3 d6 4. Nf3 Nf6 5. e4 O-O 6. Be2 e5 7. Bg5 h6 8. Bh4
Nc6 9. dxe5 dxe5 10. Qxd8 Rxd8 11. Bxf6 Bxf6 12. Nd5 Bg7 13. Nxc7 Rb8 14. h3 f5
15. Rd1 Rxd1+ 16. Bxd1 fxe4 17. Nd2 Nb4 18. O-O Nxa2 19. Nxe4 Bf5 20. Bb3 Bxe4
21. Bxa2 Rd8 22. f3 Bc6 23. Ne6 Rd2 24. Rf2 Rxf2 25. Kxf2 Bd7 1/2-1/2

[Event "Forcing Moves First Spring-3 Section 2"]
[Site "Mississauga CAN"]
[Date "2023.06.25"]
[Round "5.11"]
[White "Cheng, Adam"]
[Black "Guan, Isabelle"]
[Result "1-0"]
[WhiteElo "1241"]
[BlackElo "1316"]
[PlyCount "109"]
[EventDate "2023.06.24"]
[EventType "swiss"]
[EventRounds "5"]
[EventCountry "CAN"]

1. e4 e5 2. Nf3 Nc6 3. Bc4 Bc5 4. b4 Bb6 5. a4 a6 6. c3 d6 7. d3 h6 8. O-O Bg4
9. Nbd2 Nf6 10. Re1 O-O 11. h3 Be6 12. Qb3 Qd7 13. Bxe6 fxe6 14. Nc4 Ba7 15.
Be3 Nh5 16. d4 exd4 17. cxd4 Nf4 18. b5 Ne7 19. b6 cxb6 20. Nxb6 Bxb6 21. Qxb6
Nxh3+ 22. Kh1 Nc6 23. Rab1 Rab8 24. Rec1 Nd8 25. Rc7 Qe8 26. Qxd6 Qh5 27. Qh2
Qg4 28. Ne5 Qxe4 29. Rf1 Nf4 30. Nd7 Qd3 31. Re1 Nd5 32. Nxf8 Nxc7 33. Qxc7 Nc6
34. Nxe6 Qg6 35. Nf4 Qf6 36. d5 Qe5 37. Qxe5 Nxe5 38. Bb6 Nc4 39. Bc7 Rc8 40.
d6 g5 41. d7 Rf8 42. Re8 gxf4 43. d8=Q Rxe8 44. Qxe8+ Kg7 45. Qd7+ Kf8 46. Bd6+
Nxd6 47. Qxd6+ Ke8 48. Qc7 Kf8 49. Kh2 Ke8 50. Kh3 Kf8 51. Kg4 Ke8 52. Kf5 f3
53. g3 h5 54. Ke6 Kf8 55. Qf7# 1-0

[Event "Forcing Moves First Spring-3 Section 2"]
[Site "Mississauga CAN"]
[Date "2023.06.25"]
[Round "5.12"]
[White "Sreekumar Maliekal, Balakrishnan"]
[Black "Shah, Mustafa"]
[Result "0-1"]
[WhiteElo "1286"]
[BlackElo "1421"]
[PlyCount "60"]
[EventDate "2023.06.24"]
[EventType "swiss"]
[EventRounds "5"]
[EventCountry "CAN"]

1. d4 a5 2. Nf3 Nf6 3. c4 d5 4. cxd5 Nxd5 5. e4 Nb6 6. Bf4 Bg4 7. Be2 h5 8. h3
Bxf3 9. Bxf3 e6 10. O-O g5 11. Bh2 g4 12. hxg4 hxg4 13. Bxg4 Qh4 14. Bh3 N8d7
15. Qf3 Bd6 16. Bxd6 cxd6 17. Nd2 Ke7 18. Rac1 Rag8 19. Rc3 Nf6 20. e5 dxe5 21.
dxe5 Nfd5 22. Rd3 Nd7 23. Re1 Nf4 24. Rxd7+ Kxd7 25. Qxb7+ Ke8 26. Qc8+ Qd8 27.
Qxd8+ Kxd8 28. Re3 Nxh3+ 29. Kf1 Nf4 30. Ke1 Nxg2+ 0-1

[Event "Forcing Moves First Spring-3 Section 2"]
[Site "Mississauga CAN"]
[Date "2023.06.25"]
[Round "5.13"]
[White "Barbisan, Owen"]
[Black "Kang, Richard"]
[Result "1/2-1/2"]
[WhiteElo "1144"]
[BlackElo "1357"]
[PlyCount "87"]
[EventDate "2023.06.24"]
[EventType "swiss"]
[EventRounds "5"]
[EventCountry "CAN"]

1. e4 c6 2. d4 d5 3. exd5 cxd5 4. Bd3 Nc6 5. Nf3 Bg4 6. c3 e6 7. O-O Bd6 8.
Nbd2 Nf6 9. h3 Bxf3 10. Nxf3 O-O 11. Re1 h6 12. Ne5 Qc7 13. f4 Rac8 14. Qe2 a6
15. a4 Na5 16. Bc2 Nc4 17. f5 Rfe8 18. fxe6 fxe6 19. Bg6 Re7 20. Bf4 Nxe5 21.
dxe5 Bc5+ 22. Kh1 Nd7 23. Qg4 Nf8 24. Bc2 Kh8 25. Qh5 Rf7 26. Rf1 d4 27. cxd4
Bxd4 28. Be4 Qe7 29. g4 Qe8 30. Qh4 Bb6 31. g5 Bd8 32. Rf3 Rfc7 33. Qg3 h5 34.
h4 Rc4 35. Bxb7 Rb8 36. Bxa6 Rxa4 37. Rxa4 Qxa4 38. Be3 Ng6 39. Bd3 Qd1+ 40.
Bf1 Rxb2 41. Rf2 Qd5+ 42. Kg1 Rxf2 43. Bxf2 Qxe5 44. Qxe5 1/2-1/2

[Event "Forcing Moves First Spring-3 Section 2"]
[Site "Mississauga CAN"]
[Date "2023.06.25"]
[Round "5.14"]
[White "Dave, Jashank"]
[Black "Su, Wentan"]
[Result "1/2-1/2"]
[WhiteElo "1307"]
[BlackElo "1413"]
[PlyCount "48"]
[EventDate "2023.06.24"]
[EventType "swiss"]
[EventRounds "5"]
[EventCountry "CAN"]

1. e4 c6 2. d4 d5 3. exd5 cxd5 4. Bf4 Nc6 5. Nf3 Bg4 6. c3 Nf6 7. Nbd2 e6 8.
Qb3 Qb6 9. Qxb6 axb6 10. Bb5 Be7 11. Ne5 Rc8 12. Bg5 Bf5 13. f3 O-O 14. Bxf6
Bxf6 15. Nd7 Rfd8 16. Nxb6 Rc7 17. h4 Na7 18. Be2 h5 19. Kf2 Rd6 20. Na4 e5 21.
Nb3 exd4 22. Nxd4 Bd7 23. b3 Bxa4 24. bxa4 Rxc3 1/2-1/2

[Event "Forcing Moves First Spring-3 Section 2"]
[Site "Mississauga CAN"]
[Date "2023.06.25"]
[Round "5.15"]
[White "Narula, Japveer"]
[Black "Kola, Venkat Karthikeya R"]
[Result "0-1"]
[WhiteElo "1267"]
[BlackElo "1408"]
[PlyCount "98"]
[EventDate "2023.06.24"]
[EventType "swiss"]
[EventRounds "5"]
[EventCountry "CAN"]

1. e4 e6 2. d4 d5 3. Nc3 dxe4 4. Nxe4 Nd7 5. Nf3 Ngf6 6. Bg5 Be7 7. Nxf6+ Nxf6
8. Bd3 h6 9. Bh4 O-O 10. c3 b6 11. Qe2 Bb7 12. O-O Nd5 13. Bg3 Bf6 14. Ne5 Bxe5
15. Bxe5 f5 16. Bg3 Re8 17. Qh5 Qf6 18. Be5 Qf7 19. Qxf7+ Kxf7 20. a3 Rac8 21.
Rae1 c5 22. f4 cxd4 23. Bxd4 Nf6 24. Re3 Ne4 25. Bxe4 Bxe4 26. Rg3 g6 27. Rh3
h5 28. Re3 Red8 29. Rf2 Bd5 30. h4 Be4 31. g3 Rd5 32. Kh2 Rc6 33. Kg1 a5 34.
Kh2 b5 35. b4 axb4 36. axb4 Ra6 37. Re1 Rd8 38. Ree2 Ra1 39. g4 hxg4 40. Kg3
Rg1+ 41. Rg2 Rxg2+ 42. Rxg2 Bxg2 43. Kxg2 Ra8 44. Kg3 Ke8 45. Kf2 Kd7 46. Ke1
Kc6 47. Kd2 Kd5 48. Ke1 Ke4 49. Be5 Kf3 0-1